Statistics for Name the States of India

Click here to take the quiz!

General Stats

  • This quiz has been taken 38 times
    (21 since last reset)
  • The average score is 24 of 29

Answer Stats

S.NoState% Correct
3Assam
100%
2Arunachal Pradesh
93%
7Gujarat
93%
13Kerala
93%
21Punjab
93%
22Rajasthan
93%
24Tamil Nadu
93%
28Uttar Pradesh
93%
29West Bengal
93%
1Andhra Pradesh
86%
6Goa
86%
9Himachal Pradesh
86%
10Jammu and Kashmir
86%
15Maharashtra
86%
5Bihar
79%
4Chhattisgarh
79%
11Jharkhand
79%
12Karnataka
79%
14Madhya Pradesh
79%
16Manipur
79%
18Mizoram
71%
19Nagaland
71%
20Odisha
71%
23Sikkim
71%
25Tripura
71%
27Uttarakhand
71%
8Haryana
64%
17Meghalaya
64%
26Telangana
64%

Score Distribution

Percentile by Number Answered

Percent of People with Each Score

Your Score History

You have not taken this quiz since the last reset